Europejski Złoty But 21/22 - piłka nożna - Statystyki

Ogólne statystyki
  • Ten quiz został rozwiązany 1 007 razy
  • Średni wynik to 8 z 10
Statystyki odpowiedzi
Liczba goli Narodowość Liga Piłkarz % Poprawnych
35 Polska GER Robert Lewandowski
100%
28 Francja FRA Kylian Mbappe
98%
23 Egipt ENG Mohamed Salah
85%
23 Korea Płd. ENG Heung min Son
84%
22 Norwegia GER Erling Haaland
83%
27 Francja ESP Karim Benzema
79%
27 Włochy ITA Ciro Immobile
78%
24 Czechy GER Patrik Schick
62%
24 Serbia ITA Dusan Vlahovic
61%
25 Francja FRA Wissam Ben Yedder
31%
Nie znaleziono quizów pasujących do podanych kryteriów
Rozkład punktacji
Procent ludzi z każdym wynikiem
Percentyl według liczby udzielonych odpowiedzi
Twoja historia wyników
Nie rozwiązałeś tego quizu